Formel 1 Podium 1974 - Statistiken

Allgemein
  • Dieses Quiz wurde 58 mal gespielt
  • Das Durchschnittsergebnis liegt bei 8 aus 14
Antwortstatistiken
Antwort % Korrekt
Niki Lauda
97%
Emerson Fittipaldi
89%
James Hunt
89%
Clay Regazzoni
79%
Carlos Reutemann
66%
Jacky Ickx
66%
Jody Scheckter
66%
Ronnie Peterson
61%
Denny Hulme
53%
Patrick Depailler
45%
Carlos Pace
37%
Jean-Pierre Beltoise
26%
Jean-Pierre Jarier
11%
Mike Hailwood
11%
Keine übereinstimmenden Quizze gefunden
Verteilung der Resultate
Anzahl Personen mit jedem Resultat
Perzentil nach korrekt beantworteten Fragen
Ihre Resultats-Entwicklung
Sie haben dieses Quiz noch nicht gespielt